| Tag |
First Indicator |
Second Indicator |
Subfields |
| LEADER |
00000cam a2200000 a 4500 |
| 001 |
in00001519082 |
| 005 |
20151021174539.0 |
| 008 |
000306s1999 inuab b s001 0aeng |
| 010 |
|
|
|a 98056077
|
| 020 |
|
|
|a 0253335604 (alk. paper)
|
| 035 |
|
|
|a (OCoLC)40602714
|
| 040 |
|
|
|a DLC
|c DLC
|d C#P
|d TXA
|d UtOrBLW
|
| 043 |
|
|
|a n-us-mi
|a n-us---
|
| 049 |
|
|
|a TXAM
|
| 050 |
0 |
0 |
|a E514.5 24th
|b .P37 1999
|
| 082 |
0 |
0 |
|a 973.7/474
|2 21
|
| 100 |
1 |
|
|a Pardington, John Henry,
|d -1863.
|
| 245 |
1 |
0 |
|a Dear Sarah :
|b letters home from a soldier of the Iron Brigade /
|c edited by Coralou Peel Lassen.
|
| 264 |
|
1 |
|a Bloomington :
|b Indiana University Press,
|c [1999]
|
| 264 |
|
4 |
|c ©1999
|
| 300 |
|
|
|a xv, 182 pages :
|b illustrations, maps ;
|c 24 cm.
|
| 336 |
|
|
|a text
|b txt
|2 rdacontent
|
| 337 |
|
|
|a unmediated
|b n
|2 rdamedia
|
| 338 |
|
|
|a volume
|b nc
|2 rdacarrier
|
| 504 |
|
|
|a Includes bibliographical references (page [173]) and index.
|
| 600 |
1 |
0 |
|a Pardington, John Henry,
|d -1863
|x Correspondence.
|
| 610 |
1 |
0 |
|a United States.
|b Army.
|b Michigan Infantry Regiment, 24th (1862-1865)
|
| 610 |
1 |
0 |
|a United States.
|b Army.
|b Iron Brigade (1861-1865)
|
| 651 |
|
0 |
|a Michigan
|x History
|y Civil War, 1861-1865
|x Personal narratives.
|
| 651 |
|
0 |
|a United States
|x History
|y Civil War, 1861-1865
|v Personal narratives.
|
| 651 |
|
0 |
|a Michigan
|x History
|y Civil War, 1861-1865
|x Regimental histories.
|
| 651 |
|
0 |
|a United States
|x History
|y Civil War, 1861-1865
|x Regimental histories.
|
| 650 |
|
0 |
|a Soldiers
|z Michigan
|x Correspondence.
|
| 700 |
1 |
|
|a Lassen, Coralou Peel,
|d 1930-
|
| 994 |
|
|
|a E0
|b TXA
|
| 948 |
|
|
|a cataloged
|b h
|c 2000/3/6
|d c
|e eneff
|f 11:38:53 am
|
| 999 |
|
|
|a MARS
|
| 999 |
f |
f |
|s 2ebb1683-5e64-3ea4-b871-26c73ae4d78b
|i fca064c6-69d4-3595-ba8b-72b12c2687dc
|t 0
|
| 952 |
f |
f |
|p noncirc
|a Texas A&M University
|b College Station
|c Cushing Memorial Library & Archives
|d Cushing: Ragan Military (Does not check out)
|t 0
|e E514.5 24th .P37 1999
|h Library of Congress classification
|i unmediated -- volume
|
| 952 |
f |
f |
|p ric
|a Texas A&M University
|b Rellis Campus
|c Joint Library Facility
|d Remote Storage
|t 0
|e E514.5 24th .P37 1999
|h Library of Congress classification
|i unmediated -- volume
|m A14825759906
|
| 998 |
f |
f |
|a E514.5 24th .P37 1999
|t 0
|l Cushing: Ragan Military (Does not check out)
|
| 998 |
f |
f |
|a E514.5 24th .P37 1999
|t 0
|l Remote Storage
|